<?xml version="1.0" encoding="UTF-8"?><?xml-stylesheet type="text/xsl" href="static/style.xsl"?><OAI-PMH xmlns="http://www.openarchives.org/OAI/2.0/" xmlns:xsi="http://www.w3.org/2001/XMLSchema-instance" xsi:schemaLocation="http://www.openarchives.org/OAI/2.0/ http://www.openarchives.org/OAI/2.0/OAI-PMH.xsd"><responseDate>2026-06-05T17:58:11Z</responseDate><request verb="GetRecord" identifier="oai:riuma.uma.es:10630/15589" metadataPrefix="marc">https://riuma.uma.es/rest/oai/request</request><GetRecord><record><header><identifier>oai:riuma.uma.es:10630/15589</identifier><datestamp>2026-02-03T12:32:31Z</datestamp><setSpec>com_10630_2254</setSpec><setSpec>col_10630_37959</setSpec></header><metadata><record xmlns="http://www.loc.gov/MARC21/slim" xmlns:dcterms="http://purl.org/dc/terms/" xmlns:doc="http://www.lyncode.com/xoai" xmlns:xsi="http://www.w3.org/2001/XMLSchema-instance" xsi:schemaLocation="http://www.loc.gov/MARC21/slim http://www.loc.gov/standards/marcxml/schema/MARC21slim.xsd">
   <leader>00925njm 22002777a 4500</leader>
   <datafield ind2=" " ind1=" " tag="042">
      <subfield code="a">dc</subfield>
   </datafield>
   <datafield ind2=" " ind1=" " tag="720">
      <subfield code="a">Cimadomo, Guido</subfield>
      <subfield code="e">author</subfield>
   </datafield>
   <datafield ind2=" " ind1=" " tag="720">
      <subfield code="a">García Rubio, Rubén</subfield>
      <subfield code="e">author</subfield>
   </datafield>
   <datafield ind2=" " ind1=" " tag="720">
      <subfield code="a">Shahdadpuri Aswani, Vishal</subfield>
      <subfield code="e">author</subfield>
   </datafield>
   <datafield ind2=" " ind1=" " tag="260">
      <subfield code="c">2018-04</subfield>
   </datafield>
   <datafield ind2=" " ind1=" " tag="520">
      <subfield code="a">In our modern society people is more than ever a passive subject faced to a vast flow of information. Inspiration and problem solving can take the form of direct citation from the mass of examples disseminated by digital social media, websites and other sources. Focusing on the architectural field, the increasing development of Social Networks and of mono-thematic channels like archdaily, worldarchitecture, divisare, just to cite a few, offer every day a large amount of realised and unrealised projects which easily can serve as inspiration for the development of new designs. Among many other values ubiquity, immediateness and easiness are the most interesting effects which are of interest for this paper. It could be argued that critical practice is substituting a more traditional theoretical body of thought related with the practice of architecture. Analysing the culture of instantaneity impulsed by digital social networks, we focus on the effects of immediacy, reliability, trend and democratisation for the dissemination of architecture. As any new project developed is based on a previous work or methodology, based on quotation or interpretation of earlier works, we could consider 'new knowledge' a combination of previous information and/or methodologies. One of the results shows how synchronicity between inspired and inspiring works leading to homogeneous bodies of work in very different latitudes make difficult to record a proper history of contemporary architecture in the digital era. The attempt to create a historiography of the digital age contemporary architecture should start to consider new methodologies, tools and strategies to apply. Apart from considering the effects of these technologies on architectural education and practice, suggestions are made to create a tool to show the evolving propagation of information, which should be used by contemporary historiography of architecture in order to adapt to the new digital environment permeating our society.</subfield>
   </datafield>
   <datafield ind1="8" ind2=" " tag="024">
      <subfield code="a">Cimadomo, G; García Rubio, R; Shahdapudri Aswani, V; (2018). Towards a (new) Architectural History for a digital age. Archdaily as a dissemination tool for architectural knowledge. En Critic|all III International Conference on Architectural Design &amp; Criticism Digital Proceedings. Universidad Politécnica de Madrid, Madrid, 26-27 abril.</subfield>
   </datafield>
   <datafield ind1="8" ind2=" " tag="024">
      <subfield code="a">https://hdl.handle.net/10630/15589</subfield>
   </datafield>
   <datafield tag="653" ind2=" " ind1=" ">
      <subfield code="a">Arquitectura - Historia</subfield>
   </datafield>
   <datafield ind2="0" ind1="0" tag="245">
      <subfield code="a">Towards a (new) Architectural History for a digital age. Archdaily as a dissemination tool for architectural knowledge</subfield>
   </datafield>
</record>
</metadata></record></GetRecord></OAI-PMH>